George Ezra - Did You Hear The Rain? Lyrics - Statistics

General Stats
  • This quiz has been taken 16 times
  • The average score is 164 of 275
Answer Stats
Lyrics % Correct
did
90%
Did
90%
you
90%
a
80%
do
80%
hear
80%
I
80%
me
80%
Oh,
80%
oh,
80%
rain?
80%
rain,
80%
so?
80%
the
80%
all
70%
can
70%
in
70%
it
70%
it's
70%
to
70%
why
70%
your
70%
you're
70%
and
60%
I'm
60%
mine
60%
my
60%
of
60%
try
60%
was
60%
Well,
60%
at
50%
has
50%
him
50%
his
50%
Or
50%
thunder?
50%
time?
50%
time
50%
treat
50%
up
50%
again
40%
bags
40%
begun
40%
born
40%
cause
40%
chain
40%
champion
40%
coming
40%
counting
40%
down
40%
every
40%
fine
40%
friend
40%
guess
40%
home
40%
inside
40%
Jack
40%
jump
40%
leave
40%
Lucifer's
40%
master
40%
Means
40%
means
40%
mind
40%
name?
40%
none
40%
now
40%
pack
40%
race
40%
run
40%
steal
40%
tearing
40%
tell
40%
that's
40%
think
40%
trades
40%
wasting
40%
weep
40%
Woah
40%
woah
40%
back
30%
disease
30%
hide
30%
knees?
30%
like
30%
line
30%
link
30%
little
30%
Lord,
30%
make
30%
send
30%
shake
30%
shiver
30%
siblings
30%
spill
30%
spine?
30%
spreading
30%
trick
30%
wine?
30%
woo
30%
mourn
20%
put
10%
No matching quizzes found
Score Distribution
Percent of People with Each Score
Percentile by Number Answered
Your Score History
You have not taken this quiz